000 00586nam a22002297a 4500
003 UA-OsUOA
001 84770
007 ta
008 20120608b un ||||| |||| 00| 0 ukr d
100 _aТарнович Ю.
090 _a821.161.2
_bТ21
942 _cBK
040 _aUA-OsUOA
_bukr
_cUA-OsUOA
_dUA-OsUOA
245 _aНа згарищах Закерзоння
300 _a127 с.
955 _a3
041 _aukr
080 _a821.161.2
260 _aТоронто
650 7 _a82 Література. Літературознавство
_2UDC
999 _c371086
_d371086